[Event "AUTO-OPEN-277"]
[Site "http://www.queenalice.com/game.php?id=71324"]
[Date "2006.5.24"]
[Round "1"]
[White "kahector"]
[Black "miles62"]
[Result "0-1"]
[WhiteElo "1512"]
[BlackElo "1779"]

1. d4 Nf6 2. c4 e5 3. dxe5 Ng4 4. Nf3 Bc5 5. e3 O-O 6. Bd3 b6 7. h4 d6 8. exd6
Qxd6 9. Qc2 Nf6 10. Ng5 g6 11. b3 Nc6 12. Bb2 Bb7 13. h5 Nb4 14. Qc3 Nxd3+ 15.
Ke2 Nxb2 16. Qxb2 Rad8 17. hxg6 Qd3+ 0-1

[Event "AUTO-OPEN-277"]
[Site "http://www.queenalice.com/game.php?id=71325"]
[Date "2006.5.24"]
[Round "1"]
[White "miles62"]
[Black "Claumann"]
[Result "0-1"]
[WhiteElo "1824"]
[BlackElo "2204"]

1. e4 c5 2. Nf3 d6 3. d4 cxd4 4. Nxd4 Nc6 5. Bb5 Bd7 6. Nxc6 bxc6 7. Ba6 Qa5+ 8.
Nc3 Qxa6 9. Be3 Nf6 10. Qd2 Rb8 11. O-O-O Ng4 12. h3 Nxe3 13. Qxe3 e5 14. g4 Be7
15. Rdg1 O-O 16. h4 Rb6 17. b3 Qa3+ 18. Kb1 Rfb8 19. Na4 Qxa4 20. h5 Ra6 21. h6
Qxa2+ 22. Kc1 Ra5 23. Kd2 Rc5 24. Rc1 Rb4 25. hxg7 Bxg4 26. f3 Rd4+ 27. Qxd4
exd4 28. fxg4 Bg5+ 29. Kd3 Qa6+ 30. c4 dxc3+ 0-1

[Event "AUTO-OPEN-277"]
[Site "http://www.queenalice.com/game.php?id=71326"]
[Date "2006.5.24"]
[Round "1"]
[White "Claumann"]
[Black "miles62"]
[Result "1-0"]
[WhiteElo "2206"]
[BlackElo "1822"]

1. e4 e5 2. Nc3 Nf6 3. Nf3 d5 4. exd5 e4 5. Ng5 Nxd5 6. Nxf7 Kxf7 7. Qh5+ Kg8 8.
Qxd5+ Qxd5 9. Nxd5 Bd6 10. Bc4 Kf8 11. Nc3 Bf5 12. Bd5 Nc6 13. Bxe4 Re8 14. d3
Kf7 15. Be3 Bg6 16. Bd5+ Ke7 17. Bxc6 bxc6 18. Bxa7 c5 19. h4 Bh5 20. O-O Ref8
21. Rfe1+ Kd8 22. Ne4 Rf5 23. d4 cxd4 24. Nxd6 cxd6 25. Bxd4 Rg8 26. Re6 Kd7 27.
Rae1 Bd1 28. Re7+ Kd8 29. Ra7 Rgf8 30. Bb6+ Kc8 31. Rxd1 R8f6 32. Rc7+ Kb8 33.
Rxg7 d5 34. Ba7+ Ka8 35. Rxh7 1-0

[Event "AUTO-OPEN-277"]
[Site "http://www.queenalice.com/game.php?id=71327"]
[Date "2006.5.24"]
[Round "1"]
[White "miles62"]
[Black "Aachen"]
[Result "1-0"]
[WhiteElo "1500"]
[BlackElo "1647"]

1. e4 c5 2. Nf3 e6 3. d4 cxd4 4. Nxd4 Nf6 5. Nc3 Bb4 6. e5 Bxc3+ 7. bxc3 Nd5 8.
Bb2 Nc6 9. Bd3 Nxe5 10. c4 Nf4 11. O-O Qb6 12. Rb1 Qa5 13. Nb3 Qc7 14. Re1 Nexd3
15. cxd3 O-O 16. Be5 1-0

[Event "Challenge"]
[Site "http://www.queenalice.com/game.php?id=71612"]
[Date "2006.5.25"]
[Round "-"]
[White "azad_m"]
[Black "miles62"]
[Result "0-1"]
[WhiteElo "1208"]
[BlackElo "1774"]

1. e4 e5 2. Nf3 Nc6 3. Bc4 Bc5 4. d3 Nf6 5. Bg5 h6 6. Bh4 g5 7. Bg3 d6 8. O-O
Bg4 9. h3 Bd7 10. Nc3 Qe7 11. Bd5 O-O-O 12. h4 Rh7 13. hxg5 hxg5 14. Nxg5 Rg7
15. Nf3 Ng4 16. Ne2 Rh8 17. Nh2 Nxh2 18. Bxh2 Qh4 19. Re1 Qxf2+ 20. Kh1 Qxg2#
0-1

[Event "Challenge"]
[Site "http://www.queenalice.com/game.php?id=71699"]
[Date "2006.5.25"]
[Round "-"]
[White "vult0"]
[Black "miles62"]
[Result "0-1"]
[WhiteElo "1537"]
[BlackElo "1774"]

1. e4 e5 2. Nf3 Nc6 3. Bc4 Bc5 4. d3 Nf6 5. h3 d6 6. Ng5 Be6 7. Bxe6 fxe6 8.
Nxe6 Qe7 9. Nxc5 dxc5 10. Nc3 O-O-O 11. O-O h6 12. Be3 g5 13. a4 g4 14. h4 g3
15. fxg3 Nd4 16. Nb5 Nc6 17. a5 a6 18. c3 Rhg8 19. Rf3 Nxe4 20. Qe1 Rxd3 21.
Bxh6 Rxf3 22. gxf3 Rxg3+ 23. Kf1 Qxh4 24. Qxe4 Qh1+ 25. Kf2 Rg2+ 26. Ke3 Qxa1
27. f4 Qe1+ 28. Kd3 c4+ 0-1

[Event "AUTO-OPEN-287"]
[Site "http://www.queenalice.com/game.php?id=74560"]
[Date "2006.6.6"]
[Round "1"]
[White "aarongale"]
[Black "miles62"]
[Result "0-1"]
[WhiteElo "1736"]
[BlackElo "1793"]

1. e4 e5 2. Nf3 Nc6 3. Bb5 a6 4. Ba4 Nf6 5. Nc3 Bc5 6. d3 d6 7. Bxc6+ bxc6 8.
O-O Be6 9. Bg5 h6 10. Bh4 g5 11. Bg3 g4 12. Nh4 Nh5 13. Qe2 Nf4 14. Qd2 d5 15.
Bxf4 exf4 16. Qxf4 Bd6 17. e5 Be7 18. Nf5 Rg8 19. Nxe7 Qxe7 20. Qxh6 O-O-O 21.
g3 Rh8 22. Qf4 Rh5 23. f3 gxf3 24. Rxf3 Rf5 25. Qe3 Rxf3 26. Qxf3 Qc5+ 27. Qf2
Qb4 28. Rb1 d4 29. a3 Qa5 30. Qf6 dxc3 31. bxc3 Kd7 32. c4 Qxa3 33. h4 Qa2 34.
Rf1 Qxc2 35. Qg7 Qxd3 36. Rxf7+ Bxf7 37. Qxf7+ Kc8 38. Qe6+ Kb7 39. Kg2 Qe2+ 40.
Kh3 Rd1 0-1

[Event "AUTO-OPEN-287"]
[Site "http://www.queenalice.com/game.php?id=74561"]
[Date "2006.6.6"]
[Round "1"]
[White "miles62"]
[Black "aarongale"]
[Result "0-1"]
[WhiteElo "1843"]
[BlackElo "1670"]

1. e4 g6 2. d4 Bg7 3. Nc3 c5 4. Nf3 cxd4 5. Nxd4 Nc6 6. Nxc6 bxc6 7. Be3 Rb8 8.
Na4 Qa5+ 9. Nc3 Bxc3+ 10. Bd2 Bxd2+ 11. Qxd2 Qe5 12. f3 Qxb2 13. Rd1 Qxa2 14.
Be2 Rb1 15. O-O Rxd1 16. Rxd1 Nf6 17. e5 Nd5 18. c4 Qxd2 19. Rxd2 Nf4 20. Bd1 e6
21. c5 h5 22. Rb2 Nd3 23. Rc2 Nxe5 24. Be2 O-O 0-1

[Event "AUTO-OPEN-287"]
[Site "http://www.queenalice.com/game.php?id=74586"]
[Date "2006.6.6"]
[Round "1"]
[White "davividal"]
[Black "miles62"]
[Result "0-1"]
[WhiteElo "1692"]
[BlackElo "1711"]

1. c4 e5 2. Nc3 Nc6 3. g3 g6 4. Bg2 Bc5 5. e3 d6 6. Nge2 Bg4 7. h3 Be6 8. O-O
Qd7 9. d3 O-O-O 10. b3 Bb4 11. Bb2 Nf6 12. Qc2 Bxh3 13. Kh2 Ng4+ 14. Kg1 Bxg2
15. Kxg2 h5 16. Nd5 g5 17. a3 h4 18. axb4 Qf5 19. b5 h3+ 20. Kh1 Qf3+ 0-1

[Event "AUTO-OPEN-287"]
[Site "http://www.queenalice.com/game.php?id=74587"]
[Date "2006.6.6"]
[Round "1"]
[White "miles62"]
[Black "davividal"]
[Result "1-0"]
[WhiteElo "1822"]
[BlackElo "1304"]

1. e4 c6 2. d4 d5 3. exd5 cxd5 4. c4 Nf6 5. Nc3 e6 6. Nf3 Nc6 7. Bd3 dxc4 8.
Bxc4 Bb4 9. O-O O-O 10. Bg5 Re8 11. d5 Bxc3 12. bxc3 exd5 13. Bxf6 Qxf6 14. Qxd5
Be6 15. Qb5 Qxc3 16. Bxe6 Rxe6 17. Qxb7 Rb8 18. Qxb8+ Nxb8 19. Rac1 Qc6 20. Rxc6
Nxc6 21. Ng5 Re2 22. a3 Ra2 23. f4 h6 24. Ne4 Rxa3 25. g3 a5 26. f5 Nd4 27. f6
Nf3+ 28. Kg2 Ng5 29. Nxg5 hxg5 30. fxg7 Kxg7 31. Kf2 1-0

[Event "AUTO-OPEN-287"]
[Site "http://www.queenalice.com/game.php?id=74604"]
[Date "2006.6.6"]
[Round "1"]
[White "miles62"]
[Black "josecastroman"]
[Result "0-1"]
[WhiteElo "1815"]
[BlackElo "1698"]

1. e4 e5 2. Nf3 Nc6 3. Bb5 Bc5 4. O-O d6 5. Nc3 Bg4 6. Nd5 Nf6 7. d3 h6 8. Bg5
hxg5 9. Qd2 Bxf3 10. Qxg5 Nxd5 11. Qxg7 Qh4 12. h3 O-O-O 13. exd5 Rdg8 0-1

[Event "AUTO-OPEN-287"]
[Site "http://www.queenalice.com/game.php?id=74605"]
[Date "2006.6.6"]
[Round "1"]
[White "josecastroman"]
[Black "miles62"]
[Result "0-1"]
[WhiteElo "1741"]
[BlackElo "1775"]

1. e4 e5 2. Nf3 Nc6 3. Bc4 Bc5 4. Nc3 Nf6 5. d3 d6 6. Bg5 h6 7. Bh4 g5 8. Bg3
Bg4 9. h3 Bd7 10. a3 Nd4 11. Nd5 Nxd5 12. Bxd5 c6 13. Bb3 Nxb3 14. cxb3 Qf6 15.
b4 Bb6 16. a4 a5 17. bxa5 Bxa5+ 18. Nd2 O-O-O 19. O-O h5 20. Bh2 g4 21. f4 gxf3
22. Rxf3 Qg6 23. Nc4 Rdg8 24. Rg3 Qh6 25. Rxg8+ Rxg8 26. Nxa5 Bxh3 27. g3 Qe3+
28. Kh1 Qf2 29. Qg1 Qf3+ 0-1

[Event "QA-ANNIV-02"]
[Site "http://www.queenalice.com/game.php?id=76859"]
[Date "2006.6.15"]
[Round "1"]
[White "jaychess"]
[Black "miles62"]
[Result "0-1"]
[WhiteElo "1555"]
[BlackElo "1827"]

1. e4 e5 2. g3 Nf6 3. Nc3 Bb4 4. Nf3 Nc6 5. Bc4 d6 6. Ng5 O-O 7. O-O Bg4 8. Qe1
h6 9. Bxf7+ Rxf7 10. Nxf7 Kxf7 11. d3 Bh3 12. a3 Bc5 13. Kh1 Bxf1 14. Qxf1 Nd4
15. Qd1 g5 16. b3 g4 17. Bxh6 Qh8 18. Bg5 Nf3 19. h4 Bxf2 20. Bxf6 Qxf6 21. Qf1
Bxg3 22. Nd5 Qxh4+ 0-1

[Event "Challenge"]
[Site "http://www.queenalice.com/game.php?id=80308"]
[Date "2006.6.26"]
[Round "-"]
[White "Dimitrievski"]
[Black "miles62"]
[Result "1-0"]
[WhiteElo "1300"]
[BlackElo "1822"]

1. e4 e5 2. Nf3 Nc6 3. Bc4 d6 4. d4 Bg4 5. c3 Nf6 6. d5 Ne7 7. Qe2 Ng6 8. O-O
Nf4 9. Bxf4 exf4 10. h3 Bxh3 11. gxh3 Qd7 12. e5 dxe5 13. Nxe5 Qe7 14. Bb5+ Kd8
15. Re1 a6 16. Ba4 b5 17. Nc6+ 1-0

[Event "Challenge"]
[Site "http://www.queenalice.com/game.php?id=88443"]
[Date "2006.7.22"]
[Round "-"]
[White "miles62"]
[Black "Catao"]
[Result "0-1"]
[WhiteElo "1821"]
[BlackElo "1771"]

1. e4 c5 2. Nf3 e6 3. d4 cxd4 4. Nxd4 Nf6 5. Nc3 d6 6. Be2 Nc6 7. O-O Be7 8. Be3
O-O 9. f4 Bd7 10. Kh1 Nxd4 11. Bxd4 Bc6 12. Bd3 Nd7 0-1